Marketing principles and practice (Record no. 166040)
[ view plain ]
| 000 -LEADER | |
|---|---|
| fixed length control field | 00372nam a2200157Ia 4500 |
| 008 - FIXED-LENGTH DATA ELEMENTS--GENERAL INFORMATION | |
| fixed length control field | 231217s9999 xx 000 0 und d |
| 041 ## - LANGUAGE CODE | |
| Language code of text/sound track or separate title | English |
| 082 ## - DEWEY DECIMAL CLASSIFICATION NUMBER | |
| Classification number | 658.8 CHU;1 |
| 100 ## - MAIN ENTRY--PERSONAL NAME | |
| Personal name | Chunawalla, S A |
| 245 #0 - TITLE STATEMENT | |
| Title | Marketing principles and practice |
| 250 ## - EDITION STATEMENT | |
| Edition statement | 1st ed. |
| 260 ## - PUBLICATION, DISTRIBUTION, ETC. | |
| Date of publication, distribution, etc. | 1997 |
| Name of publisher, distributor, etc. | Himalaya Publ. |
| 300 ## - PHYSICAL DESCRIPTION | |
| Extent | 510 |
| 650 ## - SUBJECT ADDED ENTRY--TOPICAL TERM | |
| Topical term or geographic name entry element | Marketing |
| 942 ## - ADDED ENTRY ELEMENTS (KOHA) | |
| Koha item type | Books |
| Date last seen | Total checkouts | Full call number | Accession number | Cost, total (INR) price | Price effective from | Category | Lost status | Damaged status | Department | Withdrawn status | Home library | Current library | Entry date | Vendor | Cost, normal purchase price | Grants | Billnumber | Billdate | Currency symbol | Conversion rate | Discount | Old discount |
|---|---|---|---|---|---|---|---|---|---|---|---|---|---|---|---|---|---|---|---|---|---|---|
| 26/01/2024 | 658.8 CHU;1 | 12086 | 467.50 | 26/01/2024 | Books | Central Library | Central Library | Central Library | 04/12/1998 | HPH | 550.00 | MBA | 105700 | 30/03/2001 | RS | 1 | 82.5 | 15 |
